000 00305pab a2200121 454500
008 180718b xxu||||| |||| 00| 0 eng d
100 _aSinha, B.M.
245 _aUPSC and slipping credibility
650 _a Civil Service Commission
650 _aCivil Service
773 _aFinancial Express
909 _a22543
999 _c22543
_d22543